Science Quiz

Random Science or Math Quiz

Math Table: Fours Quiz Stats

Quiz Updated Dec 22, 2014

Challenge
Share
Tweet
Embed
Score 0/30 Timer 01:00
1 Play Today
Clue Answer % Correct
4x28
68.1%
4x14
68%
4x520
67.9%
4x312
67.9%
4x416
67.6%
4x1040
67.2%
4x728
66.8%
4x624
66.7%
4x936
66.7%
4x1144
66.6%
4x832
66.5%
4x2080
66%
4x30120
65.4%
4x1248
65%
4x25100
64.7%
Clue Answer % Correct
4x2288
63.8%
4x1560
63.7%
4x2184
62.5%
4x1352
60.3%
4x2496
58.9%
4x1456
58.8%
4x1664
58.5%
4x1976
57%
4x2392
56.9%
4x1872
55.7%
4x26104
55.6%
4x1768
55.5%
4x29116
54.1%
4x27108
53.3%
4x28112
53%

You're not logged in!

Compare scores with friends on all Sporcle quizzes.
Sign Up with Email
OR
Log In

You Might Also Like...

Show Comments

Extras

Top Quizzes Today


Score Distribution

Your Account Isn't Verified!

In order to create a playlist on Sporcle, you need to verify the email address you used during registration. Go to your Sporcle Settings to finish the process.